000 00905pam a2200325 a 4500
999 _c729
_d729
001 016102597
003 Uk
005 20191205154616.0
008 120606s2012 enkb j 000 1 eng d
015 _aGBB256744
_2bnb
016 7 _a016102597
_2Uk
020 _a9780241953235 (pbk.) :
020 _a0241953235 (pbk.) :
040 _aStDuBDS
_beng
_cStDuBDS
_dUk
042 _aukblcatcopy
082 _aFIC ADA
100 1 _aAdams, Richard,
_d1920-2016.
_eauthor
245 1 0 _aWatership Down /
_cRichard Adams.
250 _a40th anniversary ed.
260 _aLondon :
_bPenguin,
_c2012.
300 _a472 pages :
_b1 map ;
_c20 cm
336 _atext
_2rdacontent
337 _aunmediated
_2rdamedia
338 _avolume
_2rdacarrier
500 _aFormerly CIP.
_5Uk
650 0 _aLeporidae
_vFiction.
655 0 _aAllegories.
942 _2ddc
_cFIC